| 000 | 00531 a2200217 4500 | ||
|---|---|---|---|
| 005 | 20260116163414.0 | ||
| 008 | 260115b |||||||| |||| 00| 0 eng d | ||
| 020 |
_a9789351426561 _cRs. 1098.00 |
||
| 040 | _aMAIN | ||
| 082 |
_a591.1 _bA67A9(7) |
||
| 100 | _aArora, Mohan P | ||
| 245 | _aAnimal physiology | ||
| 250 | _a7th | ||
| 260 |
_bHimalaya Publishing House _c2023 _aMumbai |
||
| 300 | _a823 | ||
| 650 | _aZoology | ||
| 650 | _aAnimal | ||
| 650 | _aPhysiology-Animal | ||
| 700 | _aChander Kanta, ed. | ||
| 942 | _cBK | ||
| 999 |
_c395121 _d395121 |
||